How to make a wind sock / (Record no. 9117)

MARC details
000 -LEADER
fixed length control field 00847nam a22002657a 4500
001 - CONTROL NUMBER
control field 9117
003 - CONTROL NUMBER IDENTIFIER
control field FISKH
005 - DATE AND TIME OF LATEST TRANSACTION
control field 20251124094029.0
008 - FIXED-LENGTH DATA ELEMENTS--GENERAL INFORMATION
fixed length control field 251124b cb ||||| |||| 00| 0 eng d
020 ## - INTERNATIONAL STANDARD BOOK NUMBER
International Standard Book Number 9780439676656
040 ## - CATALOGING SOURCE
Original cataloging agency FISKH
Language of cataloging eng
Transcribing agency FISKH
Modifying agency FISKH
082 ## - DEWEY DECIMAL CLASSIFICATION NUMBER
Classification number 745.54
100 ## - MAIN ENTRY--PERSONAL NAME
Personal name Tarlow, Ellen
245 ## - TITLE STATEMENT
Title How to make a wind sock /
Statement of responsibility, etc. by Ellen Tarlow ; illustrated by Tracy Sabin
260 ## - PUBLICATION, DISTRIBUTION, ETC.
Place of publication, distribution, etc. New York :
Name of publisher, distributor, etc. Scholastic,
Date of publication, distribution, etc. 2004.
300 ## - PHYSICAL DESCRIPTION
Extent 8 pages :
Other physical details color illustrations ;
Dimensions 23 cm
505 ## - FORMATTED CONTENTS NOTE
Formatted contents note B<br/>
520 ## - SUMMARY, ETC.
Summary, etc. Simple text and illustrations tell the materials needed along with instructions for constructing a wind sock.
521 8# - TARGET AUDIENCE NOTE
Target audience note 40<br/>
Source Lexile estimate<br/>
521 8# - TARGET AUDIENCE NOTE
Target audience note B<br/>
Source Raz-Plus<br/>
650 ## - SUBJECT ADDED ENTRY--TOPICAL TERM
Topical term or geographic name entry element Children's book
Form subdivision Independent
700 ## - ADDED ENTRY--PERSONAL NAME
Personal name Sabin, Tracy
Relator term illustrator
942 ## - ADDED ENTRY ELEMENTS (KOHA)
Source of classification or shelving scheme Dewey Decimal Classification
Koha item type Books
Suppress in OPAC No
Holdings
Withdrawn status Lost status Source of classification or shelving scheme Damaged status Not for loan Collection Home library Current library Shelving location Date acquired Total Checkouts Full call number Barcode Date last seen Copy number Price effective from Koha item type
    Dewey Decimal Classification     Juvenile Fiction Footprints International School Library Network Toul Tom Poung Campus Footprints International School Library Network Toul Tom Poung Campus TTP Primary Green Bookshelves 11/24/2025   TAR 745.54 FISTK02098 11/24/2025 1 11/24/2025 Books